Fuzzy logic with engineering applications (Record no. 171624)
[ view plain ]
| 000 -LEADER | |
|---|---|
| fixed length control field | 00385nam a2200145Ia 4500 |
| 008 - FIXED-LENGTH DATA ELEMENTS--GENERAL INFORMATION | |
| fixed length control field | 231217s9999 xx 000 0 und d |
| 041 ## - LANGUAGE CODE | |
| Language code of text/sound track or separate title | English |
| 082 ## - DEWEY DECIMAL CLASSIFICATION NUMBER | |
| Classification number | 001.64404 ROS;12 |
| 100 ## - MAIN ENTRY--PERSONAL NAME | |
| Personal name | Ross, Timothy J |
| 245 #0 - TITLE STATEMENT | |
| Title | Fuzzy logic with engineering applications |
| 260 ## - PUBLICATION, DISTRIBUTION, ETC. | |
| Date of publication, distribution, etc. | 1995 |
| Name of publisher, distributor, etc. | McGraw-Hill, |
| Place of publication, distribution, etc. | New York |
| 300 ## - PHYSICAL DESCRIPTION | |
| Extent | xx+600 |
| 650 ## - SUBJECT ADDED ENTRY--TOPICAL TERM | |
| Topical term or geographic name entry element | Fuzzy,logic,engineering |
| 942 ## - ADDED ENTRY ELEMENTS (KOHA) | |
| Koha item type | Books |
| Date last seen | Total checkouts | Full call number | Accession number | Cost, total (INR) price | Price effective from | Category | Lost status | Damaged status | Department | Withdrawn status | Home library | Current library | Shelving location | Entry date | Vendor | Cost, normal purchase price | Grants | Billnumber | Billdate | Currency symbol | Conversion rate | Discount | Old discount |
|---|---|---|---|---|---|---|---|---|---|---|---|---|---|---|---|---|---|---|---|---|---|---|---|
| 26/01/2024 | 001.64404 ROS;12 | 27103 | 227.53 | 26/01/2024 | Books | Central Library | Central Library | Central Library | Central Library | 01/04/2004 | Book Paradise | 5.95 | CS | 18048 | 20/12/2005 | USD | 47.8 | 1.19 | 20 | ||||
| 26/01/2024 | 001.64404 ROS;13 | 27104 | 227.53 | 26/01/2024 | Books | Central Library | Central Library | Central Library | Central Library | 01/04/2004 | Book Paradise | 5.95 | CS | 18048 | 20/12/2005 | USD | 47.8 | 1.19 | 20 | ||||
| 26/01/2024 | 001.64404 ROS;14 | 27105 | 227.53 | 26/01/2024 | Books | Central Library | Central Library | Central Library | Central Library | 01/04/2004 | Book Paradise | 5.95 | CS | 18048 | 20/12/2005 | USD | 47.8 | 1.19 | 20 | ||||
| 26/01/2024 | 001.64404 ROS;15 | 27106 | 227.53 | 26/01/2024 | Books | CS | Central Library | Central Library | CS | 01/04/2004 | Book Paradise | 5.95 | CS | 18048 | 20/12/2005 | RS | 47.8 | 1.19 | 20 | ||||
| 26/01/2024 | 001.64404 ROS;15 | 27109 | 227.53 | 26/01/2024 | Books | Central Library | Central Library | Central Library | Central Library | 03/04/2004 | Book Paradise | 5.95 | CS | 18048 | 20/12/2005 | USD | 47.8 | 1.19 | 20 | ||||
| 26/01/2024 | 001.64404 ROS;16 | 37402 | 217.53 | 26/01/2024 | Books | Central Library | Central Library | Central Library | Central Library | 03/08/2005 | Book Paradise | 5.95 | IS | 26063 | 08/06/2006 | RS | 45.7 | 1.19 | 20 | ||||
| 26/01/2024 | 001.64404 ROS;17 | 37403 | 217.53 | 26/01/2024 | Books | Central Library | Central Library | Central Library | Central Library | 03/08/2005 | Book Paradise | 5.95 | IS | 26063 | 08/06/2006 | RS | 45.7 | 1.19 | 20 | ||||
| 26/01/2024 | 001.64404 ROS;18 | 37404 | 217.53 | 26/01/2024 | Books | Central Library | Central Library | Central Library | Central Library | 03/08/2005 | Book Paradise | 5.95 | IS | 26063 | 08/06/2006 | RS | 45.7 | 1.19 | 20 | ||||
| 26/01/2024 | 001.64404 ROS;19 | 37405 | 217.53 | 26/01/2024 | Books | Central Library | Central Library | Central Library | Central Library | 03/08/2005 | Book Paradise | 5.95 | IS | 26063 | 08/06/2006 | RS | 45.7 | 1.19 | 20 | ||||
| 26/01/2024 | 001.64404 ROS;20 | 37406 | 217.53 | 26/01/2024 | Books | Central Library | Central Library | Central Library | Central Library | 03/08/2005 | Book Paradise | 5.95 | IS | 26063 | 08/06/2006 | RS | 45.7 | 1.19 | 20 | ||||
| 26/01/2024 | 001.64404 ROS;21 | 37407 | 217.53 | 26/01/2024 | Books | Central Library | Central Library | Central Library | Central Library | 03/08/2005 | Book Paradise | 5.95 | IS | 26063 | 08/06/2006 | RS | 45.7 | 1.19 | 20 | ||||
| 26/01/2024 | 001.64404 ROS;22 | 37408 | 217.53 | 26/01/2024 | Books | Central Library | Central Library | Central Library | Central Library | 03/08/2005 | Book Paradise | 5.95 | IS | 26063 | 08/06/2006 | RS | 45.7 | 1.19 | 20 | ||||
| 26/01/2024 | 001.64404 ROS;23 | 37409 | 217.53 | 26/01/2024 | Books | Central Library | Central Library | Central Library | Central Library | 03/08/2005 | Book Paradise | 5.95 | IS | 26063 | 08/06/2006 | RS | 45.7 | 1.19 | 20 | ||||
| 26/01/2024 | 001.64404 ROS;24 | 37410 | 217.53 | 26/01/2024 | Books | Central Library | Central Library | Central Library | Central Library | 03/08/2005 | Book Paradise | 5.95 | IS | 26063 | 08/06/2006 | RS | 45.7 | 1.19 | 20 | ||||
| 26/01/2024 | 001.64404 ROS;25 | 37411 | 217.53 | 26/01/2024 | Books | Central Library | Central Library | Central Library | Central Library | 03/08/2005 | Book Paradise | 5.95 | IS | 26063 | 08/06/2006 | RS | 45.7 | 1.19 | 20 |
